000
00212nam a2200121Ia 4500
100
_a
#N/A
942
_c
BK
654
_a
vidio
245
_a
Vidio tutorials
260
_b
#N/A
546
_a
ENGLISH
999
_c
20823
_d
20823